000 00668nam a2200241Ia 4500
003 OSt
005 20220924125612.0
006 a|||||r|||| 00| 0
007 ta
008 220923b |||||||| |||| 00| 0 per d
024 _a326658
037 _cTextual
040 _aARTS
_cARTS
_bper
041 _2per
_aper
082 _aO164,1D36,1:g, N3
100 _aTabatabaee Mohite Au.
_9198542
245 0 _aEssays on Ferdowsi and shahnameh
260 _aTehran
_bAmir Kabir Iran
_c1993
300 _a392p.
_ccm.
650 _aPERSIAN POETRY
942 _hO164,1D36,1:g, N3
_cTEXL
_2CC
999 _c423001
_d423001